Tilastot visalle Sanat - "Hulluuden highway" - Haloo Helsinki

Klikkaa tästä pelataksesi tätä visaa!

Yleistilastot

  • Tätä visaa on pelattu 148 kertaa
  • Keskiarvotulos 220 / 304

Vastaustilastot

Vastaus% Oikein
tää
99%
hulluuden
95%
on
95%
95%
highway
94%
ei
92%
ja
92%
vielä
89%
aisti
87%
kaikki
87%
kyllä
87%
silmäsi
87%
silmät
87%
Sulje
87%
sulje
87%
suu
87%
joku
86%
helpottuu
85%
huusit
85%
kun
85%
Kun
85%
laske
85%
nii
85%
selviät
85%
tuhanteen
85%
vei
85%
voimas
85%
aistit
84%
vaik
84%
viiteen
84%
niin
81%
kaikesta
80%
hengität
78%
jäät
78%
nää
78%
kaiken
77%
sammuu
77%
valot
77%
näät
76%
oot
76%
elossa
75%
hartiat
75%
pois
75%
valvomaan
75%
avaat
73%
mitä
73%
takas
73%
kävelet
71%
kohdalleen
71%
kuuluu
71%
taas
71%
ettei
70%
pam
68%
ymmärrät
68%
milloin
67%
tapahtuu
67%
että
66%
huomenna
66%
kuka
66%
missä
66%
raivois
66%
sen
66%
enää
65%
me
65%
suljet
65%
jos
63%
huutaa
61%
kukaan
61%
kosketa
59%
ilahtuu
58%
kaupunki
58%
jaksaa
57%
tahtii
57%
ilmaiseksi
56%
ilta
56%
kiihdytät
56%
päivän
56%
eikä
54%
minkä
54%
pimeä
54%
mikään
53%
tunnu
53%
yhden
53%
joka
52%
makseta
52%
miltään
52%
Tahdot
52%
tahdot
52%
muttei
51%
hedelmälihaa
49%
siitä
49%
tulee
49%
vegaanit
49%
irti
48%
jengi
48%
meet
48%
pyörii
48%
saa
48%
täällä
48%
tappelee
48%
auttamaan
47%
edistä
47%
hautapaikat
47%
matkaas
47%
pyörästä
47%
valopäät
47%
varatut
47%
onko
46%
sittenkin
46%
leiju
44%
syödä
44%
kaduilla
43%
maalista
43%
ohi
43%
maaliin
42%
mutta
42%
Peter
42%
ehkä
41%
mitään
41%
panee
41%
vihaa
41%
aikaan
39%
Helinä
39%
olemme
39%
juokset
38%
kerkii
38%
muttet
38%
poikkeat
38%
kaunista
37%
tieltä
37%
kautta
35%
kuinka
35%
lietsoo
34%
ääriajattelu
32%
paljon
32%
sitä
32%
kehtaa
30%
hänen
29%
uskoo
29%
vihaat
29%
moni
25%
ah
22%
haavainsa
1%

Tulosjakauma

Persentiili vastausten määrän mukaan

Jokaisen tuloksen saaneiden osuus

Tuloshistoriasi

Et ole pelannut tätä visaa